Statistics for French Place Words Quiz

Click here to take the quiz!

General Stats

  • This quiz has been taken 21,164 times
  • The average score is 18 of 24

Answer Stats

FrenchEnglish% Correct
VilleCity
93%
MuséeMuseum
92%
MaisonHouse
91%
PalaisPalace
89%
RueStreet
89%
JardinGarden
88%
MerSea
88%
ÉcoleSchool
87%
LacLake
80%
ÎleIsland
79%
StadeStadium
79%
CôteCoast
77%
PiscinePool
76%
PlageBeach
75%
BoulangerieBakery
72%
PontBridge
72%
ÉgliseChurch
72%
MagasinShop
72%
PaysCountry
69%
GareStation
66%
FleuveRiver
61%
MarchéMarket
60%
SalonLiving Room
53%
BanlieueSuburbs
32%

Score Distribution

Percentile by Number Answered

Percent of People with Each Score

Your Score History

You have not taken this quiz